000 00600nam a2200229 a 4500
999 _c6846
_d6846
003 PK-NaQUE
005 20250519095758.0
008 250519b ||||| |||| 00| 0 eng d
020 _a9780534382162
020 _a978-0534382162
040 _cQUEST
100 1 _aBurden, Richard L.
245 1 0 _aNumerical Analysis
250 _a7th edition /
260 _aBoston:
_bBrooks Cole,
300 _a864p. ;
650 _aNumerical analysis
650 _aMathematics
700 1 _aFaires, J. Douglas.
856 4 0 _uhttp://10.10.170.122:8080/browse/book/26242
_yDownload eBook
942 _cBK
_2ddc